Bilgi yarışması (Record no. 13064)

MARC details
000 -BAŞLIK
Sabit Uzunluktaki Kontrol Alanı 00504nam a22001937a 4500
003 - KONTROL NUMARASI KİMLİĞİ
Kontrol Alanı koha_MIRAKIL
005 - EN SON İŞLEM TARİHİ ve ZAMANI
Kontrol Alanı 20231213100017.0
008 - SABİT UZUNLUKTAKİ VERİ ÖGELERİ - GENEL BİLGİ
Sabit Alan 231213b |||||||| |||| 00| 0 ||| d
020 ## - ISBN - ULUSLARARASI STANDART KİTAP NUMARASI
-- 978-9-75362916-4
040 ## - KATALOGLAMA KAYNAĞI
Özgün Kataloglama Kurumu TR-IsEVY
Kataloglama Dili tur
Çeviri Kurumu TR-IsEVY
082 ## - DEWEY ONU SINIFLAMA SİSTEMİ
Sınıflama Numarası 793.73 BİT/B
100 ## - KİŞİ ADI
Yazar Adı (Kişi adı) Bitir, Yusuf.
245 #0 - ESER ADI BİLDİRİMİ
Başlık Bilgi yarışması
250 ## - BASIM BİLDİRİMİ
Basım Bildirimi 11. bs.
260 ## - YAYIN, DAĞITIM, VB.
Yayınevi Timaş Yayınları,
Yayın Tarihi 2014
300 ## - FİZİKSEL TANIMLAMA
Sayfa, Cilt vb. 240 s.
650 ## - KONU BAŞLIĞI EK GİRİŞ - KONU TERİMİ
Konusal terim veya coğrafi ad Bilgi yarışmaları -- Sorular ve cevaplar.
942 ## - EK GİRİŞ ÖGELERİ (KOHA)
Source of classification or shelving scheme Dewey Decimal Classification
Koha item type Kitap
Holdings
Kayıp Durumu Sınıflandırma Kaynağı Hasarlı Durumu Kalıcı Konum Mevcut Konum Kayıt Tarih Edinim Kaynağı Yer Numarası Demirbaş Numarası Son Görülme Tarihi Fatura Tarihi Materyal Türü
  Dewey Decimal Classification   ORTAOKUL KÜTÜPHANESİ ORTAOKUL KÜTÜPHANESİ 04/02/2016 Satınalma 793.73 BİT/B 13606 13/12/2023 17/04/2019 Kitap